Teoretické a aplikačné problémy pri vymedzovaní pojmu násilná trestná činnosť

Bibliographic Details
Main Author: Maďar, Miloš, 1978- (Author)
Format: Article
Language:Slovak
ISBN:8080831831
Subjects:

MARC

LEADER 00000nab a2200000 ar4500
001 vtls008996577
003 SK-MaSNL
005 20260304010957.0
008 070606|2005 xo u|me|||||||00 ||slo
015 |a SNBRA2007/06 
038 |a SNKBUCL 
040 |a SNKBUCL  |b slo  |c SNKBUCL  |e AACR2 
041 0 |a slo  |b eng  |b slo 
044 |a xo  |c SK 
080 |a 343  |2 1997 
100 1 |a Maďar, Miloš,  |d 1978-  |4 aut  |9 242456 
245 1 0 |a Teoretické a aplikačné problémy pri vymedzovaní pojmu násilná trestná činnosť  |c Miloš Maďar 
504 |a Bibliogr. odkazy 
546 |a Res. angl., slov. 
650 0 7 |a násilná trestná činnosť  |2 snkbucl  |9 1289297 
650 0 7 |a trestné činy  |2 snkbucl  |9 2181 
650 0 7 |a kriminalita  |2 snkbucl  |9 2180 
773 0 |t Notitiae Novae Facultatis Iuridicae. Ročník VIII-IX  |d Banská Bystrica : Univerzita Mateja Bela - Právnická fakulta, 2005  |g S. 190-198  |z 8080831831 
852 |a SNK  |b KIS3GCP 
958 |a SK 
958 |a NB 
999 |c 2563913  |d 2565843